Most streamed songs in the 90s - Statistics

General Stats
  • This quiz has been taken 64 times
  • The average score is 11 of 15
Answer Stats
Year Artist Streams Answer % Correct
1995 Oasis 2.558.278.883 Wonderwall
96%
1991 Nirvana 2.639.810.301 Smells Like Teen Spirit
91%
1994 The Cranberries 1.619.657.853 Zombie
91%
1992 Radiohead 2.506.806.209 Creep
89%
1998 The Goo Goo Dolls 2.872.517.820 Iris
85%
1991 R.E.M. 1.824.968.693 Losing My Religion
83%
1995 Coolio ft. L.V. 2.291.963.397 Gangsta's Paradise
78%
1991 Metallica 1.891.432.057 Enter Sandman
74%
1990 AC/DC 2.028.520.095 Thunderstruck
74%
1994 Mariah Carey 2.228.182.347 All I Want For Christmas Is You
70%
1999 Backstreet Boys 1.918.168.714 I Want It That Way
70%
1999 Red Hot Chili Peppers 1.834.144.972 Californication
69%
1991 Nirvana 1.821.558.816 Come As You Are
65%
1991 Red Hot Chili Peppers 1.793.871.964 Under The Bridge
59%
1999 Dr. Dre ft. Snoop Dogg 1.772.236.864 Still D.R.E.
39%
No matching quizzes found
Score Distribution
Percent of People with Each Score
Percentile by Number Answered
Your Score History
You have not taken this quiz